Datum a čas kvízu
25
Celkem bodů
Celkový počet nahraných bodů na tomto kvízu bez doplňovacích otázek.
8.
Pořadí na kvízu
Konečné umístění týmu na tomto kvízu.
Zaznamenané odpovědi
| # | Otázka | Odpověď | Body | Výsledky |
|---|---|---|---|---|
| 1. | Minulý týden připravili pracov... | D) šaliny | 1 | |
| 2. | Ve čtvrtek ustála předsedkyně... | Pfizergate | 1 | |
| 3. | Po několika týdnech dohadování... | Rubicon | 0 | |
| 4. | Evropská unie definitivně schv... | Bulharsko | 1 | |
| 5. | V pátek se v Monaku konal dalš... | skok vysoký | 1 | |
| 6. | Chcete-li vidět něco, co velmi... | Moravská Sahara | 1 | |
| 7. | Poblíž Františkových Lázní se... | Soos | 0 | |
| 8. | Tuto přírodní rezervaci najdem... | Prachovské skály | 0 | |
| 9. | Nyní se podíváme na nejdelší j... | Koněpruské jeskyně | 1 | |
| 10. | Zde vidíme výhled z rozhledny... | Králický Sněžník | 0 |